| 000 | 00401nam a2200109Ia 4500 | ||
|---|---|---|---|
| 008 | 220615s9999||||xx |||||||||||||| ||und|| | ||
| 100 | _aHowlett, Caitlin | ||
| 245 | 0 |
_aSex Education, Sex Work, and State Violence _bThe Need for Alternative Sexual Pedagogies in Schools |
|
| 546 | _aEnglish[eng] | ||
| 856 | _uhttps://doi.org/10.5040/9781350178472?locatt=label:secondary_bloomsburyCollections | ||
| 942 | _cEB | ||
| 999 |
_c7823 _d7823 |
||